Statistics for Countries That End in "A" Part 4

Click here to take the quiz!

General Stats

  • This quiz has been taken 23 times
  • The average score is 7 of 7

Answer Stats

HintAnswer% Correct
UUganda
100%
VVenezuela
100%
ZZambia
100%
TTanzania
95%
TTonga
91%
TTunisia
82%
UUSA
82%

Score Distribution

Percentile by Number Answered

Percent of People with Each Score

Your Score History

You have not taken this quiz